000 00621cam a22002053a 4500
001 38676
003 PGUSA
005 20140828083843.0
008 120126s2012||||xxu|||||s|||||000 | eng d
040 _aPGUSA
_beng
042 _adc
100 1 _aRogers, Margaret Cobb
245 1 0 _aAdenoids and Diseased Tonsils :
_bTheir Effect on General Intelligence
_h[electronic resource] /
_cMargaret Cobb Rogers
260 _bProject Gutenberg,
_c2012
506 _aPublic domain in the USA.
516 _aElectronic text
830 0 _aProject Gutenberg
_v38676
856 4 0 _uhttp://www.gutenberg.org/ebooks/38676
942 _cEB
999 _c267930
_d267930